00305nam a2200109 a 450000500170000000800410001705000180005810000250007624500460010126000420014744000060018920140414131856.0100828s19uu xx 00 eng d aFILbB83 2004 aRemigio, Ma. Corazon aBru-ha-ha-ha-ha-ha... bru-hi-hi-hi-hi-hi. aManila, Philippines :bAdarna,c2004. a